Detalles MARC
| 000 -LEADER |
| fixed length control field |
01494nam a2200385Ia 4500 |
| 001 - CONTROL NUMBER |
| control field |
DIGANR0267 |
| 006 - FIXED-LENGTH DATA ELEMENTS--ADDITIONAL MATERIAL CHARACTERISTICS |
| fixed length control field |
m d |
| 007 - PHYSICAL DESCRIPTION FIXED FIELD--GENERAL INFORMATION |
| fixed length control field |
cr ||||||||||| |
| 008 - FIXED-LENGTH DATA ELEMENTS--GENERAL INFORMATION |
| fixed length control field |
100325s2005 sp a b 000 0 spa d |
| 035 ## - SYSTEM CONTROL NUMBER |
| System control number |
(OCoLC)1335126420 |
| 040 ## - CATALOGING SOURCE |
| Original cataloging agency |
DGITA |
| Language of cataloging |
eng |
| Description conventions |
pn |
| Transcribing agency |
DGITA |
| 245 00 - TITLE STATEMENT |
| Title |
Metaliteratura y metaficción : |
| Remainder of title |
balance crítico y perspectivas comparadas / |
| Statement of responsibility, etc. |
[coordinador: Antonio J. Gil González]. |
| 246 18 - VARYING FORM OF TITLE |
| Title proper/short title |
Teorías literarias |
| 264 #1 - PRODUCTION, PUBLICATION, DISTRIBUTION, MANUFACTURE, AND COPYRIGHT NOTICE |
| Place of production, publication, distribution, manufacture |
Rubi (Barcelona) : |
| Name of producer, publisher, distributor, manufacturer |
Anthropos Editorial, |
| Date of production, publication, distribution, manufacture, or copyright notice |
2005. |
| 300 ## - PHYSICAL DESCRIPTION |
| Extent |
1 online resource (224 p.) : |
| Other physical details |
illustrations, portraits. |
| 336 ## - CONTENT TYPE |
| Content type term |
text |
| Content type code |
txt |
| Source |
rdacontent |
| 337 ## - MEDIA TYPE |
| Media type term |
computer |
| Media type code |
c |
| Source |
rdamedia |
| 338 ## - CARRIER TYPE |
| Carrier type term |
online resource |
| Carrier type code |
cr |
| Source |
rdacarrier |
| 490 1# - SERIES STATEMENT |
| Series statement |
Revista anthropos: huellas del conocimiento, |
| International Standard Serial Number |
11373636 ; |
| Volume/sequential designation |
208. |
| 500 ## - GENERAL NOTE |
| General note |
Cover title. |
| 500 ## - GENERAL NOTE |
| General note |
"N.° 208, 2005" --P. [2] of cover. |
| 500 ## - GENERAL NOTE |
| General note |
"Coordinador: Antonio J. Gil González" |
| 504 ## - BIBLIOGRAPHY, ETC. NOTE |
| Bibliography, etc. note |
Includes bibliographical references. |
| 650 #0 - SUBJECT ADDED ENTRY--TOPICAL TERM |
| Topical term or geographic name entry element |
Literature |
| General subdivision |
Philosophy. |
| 650 #0 - SUBJECT ADDED ENTRY--TOPICAL TERM |
| Topical term or geographic name entry element |
Metafiction. |
| 650 #0 - SUBJECT ADDED ENTRY--TOPICAL TERM |
| Topical term or geographic name entry element |
Literature |
| General subdivision |
History and criticism. |
| 650 #0 - SUBJECT ADDED ENTRY--TOPICAL TERM |
| Topical term or geographic name entry element |
Creation (Literary, artistic, etc.) |
| 655 #7 - INDEX TERM--GENRE/FORM |
| Genre/form data or focus term |
Periodicals. |
| Source of term |
lcgft |
| 700 1# - ADDED ENTRY--PERSONAL NAME |
| Personal name |
Gil González, Antonio Jesús. |
| 791 2# - |
| -- |
Digitalia (Firm), |
| -- |
distributor. |
| 793 0# - |
| -- |
Digitalia e-journal Collection: |
| -- |
Anthropos |
| 830 #0 - SERIES ADDED ENTRY--UNIFORM TITLE |
| Uniform title |
Revista anthropos (Barcelona, Spain) ; |
| Volume/sequential designation |
208. |
| 856 40 - ELECTRONIC LOCATION AND ACCESS |
| Materials specified |
Digitalia Hispánica |
| Uniform Resource Identifier |
<a href="https://www.digitaliapublishing.com/a/3762/">https://www.digitaliapublishing.com/a/3762/</a> |
| 942 ## - ADDED ENTRY ELEMENTS (KOHA) |
| Koha item type |
Recurso Electrónico |